|
|
|
|
| LEADER |
00000nas a2200000 a 4500 |
| 001 |
ssj0000498109 |
| 003 |
WaSeSS |
| 005 |
20200512172242.0 |
| 006 |
m d |
| 007 |
cr n |
| 008 |
100421c20109999nz ar s 0 a0eng c |
| 010 |
|
|
|a 2012247530
|
| 022 |
|
|
|a 1179-7274
|
| 035 |
|
|
|a (WaSeSS)ssj0000498109
|
| 040 |
|
|
|a NZ1
|b eng
|c NZ1
|d COD
|d OCLCF
|d CUS
|d OCLCO
|d EUW
|d OCLCO
|d OCLCQ
|d CASUM
|d OCLCO
|d OCLCQ
|d XFH
|d WT2
|d OCLCO
|d OCLCQ
|d WY@
|d OCLCO
|d OCLCA
|d MOW
|d CRU
|d OCLCO
|d OCLCQ
|d AU@
|d OCLCO
|d WYU
|d OCLCO
|d OCLCA
|d VT2
|d OCLCQ
|d CNMTR
|d OCLCQ
|d WaSeSS
|
| 042 |
|
|
|a pcc
|
| 050 |
|
4 |
|a QH301
|
| 082 |
0 |
4 |
|a 570.5
|2 22
|
| 210 |
1 |
|
|a Res. rep. biol.
|
| 222 |
|
0 |
|a Research and reports in biology
|
| 245 |
0 |
0 |
|a Research and reports in biology
|h [electronic resource].
|
| 246 |
1 |
|
|i Title in HTML header:
|a Journal of research and reports in biology
|
| 260 |
|
|
|a [Auckland, N.Z.] :
|b Dove Press,
|c 2010-
|
| 310 |
|
|
|a Annual
|
| 362 |
1 |
|
|a Began with Volume 1 (2010).
|
| 506 |
|
|
|a License restrictions may limit access.
|
| 515 |
|
|
|a Articles added consecutively to current annual volume.
|
| 588 |
0 |
|
|a Volume 1 (2010); title from journal home page (viewed on Dec. 29, 2012).
|
| 588 |
1 |
|
|a Volume 3 (2012) (viewed on Dec. 29, 2012).
|
| 650 |
|
0 |
|a Biology
|v Periodicals.
|
| 650 |
1 |
2 |
|a Biology.
|
| 650 |
|
7 |
|a Biology.
|2 fast
|0 (OCoLC)fst00832383
|
| 655 |
|
0 |
|a Electronic journals.
|
| 856 |
4 |
0 |
|z Full text available from Research Library: 01/01/2010 to present
|u https://search.proquest.com/publication/3933290
|